|
|
|
|
| LEADER |
00000naa0a2200000 4500 |
| 001 |
601499 |
| 005 |
20250219090648.0 |
| 035 |
|
|
|a (RuTPU)RU\TPU\tpu\26346
|
| 035 |
|
|
|a RU\TPU\tpu\26345
|
| 090 |
|
|
|a 601499
|
| 100 |
|
|
|a 20141215d2008 k||y0rusy50 ca
|
| 101 |
0 |
|
|a rus
|
| 102 |
|
|
|a RU
|
| 200 |
1 |
|
|a Электроимпульсное разрушение глубокоохлажденных резинотехнических изделий в газообразной среде
|f В. И. Курец [и др.]
|
| 320 |
|
|
|a Библиогр.: с. 82 (5 назв.)
|
| 333 |
|
|
|a В фонде НТБ ТПУ отсутствует
|
| 461 |
|
|
|t Известия вузов. Проблемы энергетики
|o научно-технический и производственный журнал
|f Министерство образования и науки РФ ; Казанский государственный энергетический университет
|d 1999-
|
| 463 |
|
|
|t № 7-8/I
|v С. 78-82
|d 2008
|
| 610 |
1 |
|
|a труды учёных ТПУ
|
| 701 |
|
1 |
|a Курец
|b В. И.
|c специалист в области электротехники
|c профессор Томского политехнического университета, доктор технических наук
|f 1940-
|g Валерий Исаакович
|3 (RuTPU)RU\TPU\pers\19829
|
| 701 |
|
1 |
|a Соловьёв
|b М. А.
|c специалист в области электроэнергетики, организации высшего профессионального образования
|c доцент Томского политехнического университета, кандидат технических наук
|f 1972-
|g Михаил Александрович
|3 (RuTPU)RU\TPU\pers\25186
|9 11266
|
| 701 |
|
1 |
|a Филатов
|b Г. П.
|c специалист в области электротехники
|c доцент Томского политехнического университета, кандидат технических наук
|f 1948-
|g Геннадий Петрович
|3 (RuTPU)RU\TPU\pers\25690
|
| 701 |
|
1 |
|a Юшков
|b А. Ю.
|c специалист в области электроэнергетики
|c доцент Томского политехнического университета, кандидат технических наук
|f 1975-
|g Анатолий Юрьевич
|3 (RuTPU)RU\TPU\pers\25694
|9 11605
|
| 801 |
|
1 |
|a RU
|b 63413507
|c 20141107
|
| 801 |
|
2 |
|a RU
|b 63413507
|c 20141215
|g RCR
|
| 942 |
|
|
|c CR
|